| 000 | 00617nam a22001937a 4500 | ||
|---|---|---|---|
| 999 |
_c14519 _d14519 |
||
| 003 | AR-CdUCM | ||
| 008 | 190423b ||||| |||| 00| 0 spa d | ||
| 020 | _a978-612-46105-0-9 | ||
| 040 |
_aMUNICIPALIDAD PROVINCIAL DEL CUSCO _cBIBLIOTECA MUNICIPAL DEL CUSCO |
||
| 082 |
_aPI / 803 / _bB21 |
||
| 100 |
_aBambarén, Sergio _933317 |
||
| 245 |
_aEl delfín : _bla historia de un soñador / |
||
| 260 |
_aLima : _bDolphin films, _c2009. |
||
| 300 |
_a43 páginas ; _bIlustraciones, _c27 cm. |
||
| 650 |
_aLiteratura infantil _9588 |
||
| 650 |
_aCuento infantil _93319 |
||
| 942 |
_2ddc _cLIBROS |
||
| 945 |
_aacv _d2019-04-23 |
||